Statistics for 30 Benelux Musical Acts by Songs

Click here to take the quiz!

General Stats

  • This quiz has been taken 7 times
  • The average score is 7 of 30

Answer Stats

SongsArtist/Band% Correct
Boom, Boom, Boom, Boom!!, We Like To Party!, We're Going To IbizaVengaboys
67%
Pump Up the Jam, Get Up! (Before the Night Is Over), Move ThisTechnotronic
50%
Ça Plane Pour Moi, Tout Petit La Planète, Sha-La-La-La-LeePlastic Bertrand
50%
No Limit, Tribal Dance, Get Ready For This2 Unlimited
50%
Alors On Danse, Papaoutai, FormidableStromae
50%
Red Lights, Jackie Chan, The BusinessTiësto
50%
Radar Love, Twilight Zone, When The Lady SmilesGolden Earring
33%
Ayo Technology, Howling At The Moon, Whatever It TakesMilow
33%
Désenchantée, Ella Elle L’a, LibertineKate Ryan
33%
Animals, Scared To Be Lonely, In The Name Of LoveMartin Garrix
33%
Blah Blah Blah, This Is What It Feels Like, Great SpiritArmin van Buuren
33%
Walk On Water, In My Eyes, Livin' A LieMilk Inc.
17%
I Follow Rivers, The One, Perfect MatchTriggerfinger
17%
Raggamuffin, This World, AloneSelah Sue
17%
The Way To Your Heart, Through Before We Started, BrokenSoulsister
17%
Mad About You, The Night Before, 2 WickyHooverphonic
17%
Ne Me Quitte Pas, Vesoul, Ces Gens-LàJacques Brel
17%
Are You With Me, Reality, CrazyLost Frequencies
17%
The Hum, Arcade Mammoth, ComplicatedDimitri Vegas & Like Mike
17%
Venus, Never Marry A Railroad Man, Mighty JoeShocking Blue
17%
Hoe Het Danst, Mooi, LippenstiftMarco Borsato
17%
Better Off Alone, Back In My Life, Will I EverAlice Deejay
17%
You, Maybe, Ain’t My Beating HeartTen Sharp
0%
To Die Among Strangers, One Fire, Who Only Europe KnowRome
0%
Nobody's Wife, Girl, BirdsAnouk
0%
Little Green Bag, Paloma Blanca, Morning SkyGeorge Baker Selection
0%
Faster, The Reckoning, Stand My GroundWithin Temptation
0%
Calm After The Storm, We Don't Make The Wind Blow, Love Goes OnThe Common Linnets
0%
Nah Neh Nah, What’s A Woman, Heading For A FallVaya Con Dios
0%
Apart, Until It Gets Better, Within MeSeed to Tree
0%

Score Distribution

Percentile by Number Answered

Percent of People with Each Score

Your Score History

You have not taken this quiz